Autonomia local i governabilitat : envers un nou pacte local / Mila Gascó i Marc Navarro envers un nou pacte local / Mila Gascó i Marc Navarro
Descripción Física:
45 p. ; 30 cm
Otros Autores:
Navarro, Marc
MARC
| LEADER | 00000nam a2200000Ia 4500 | ||
|---|---|---|---|
| 001 | 15053 | ||
| 008 | 160829s2002 xx 000 0 cat d | ||
| 080 | |a FU-34-46 | ||
| 100 | |a Gascó, Mila |9 32151 | ||
| 245 | |a Autonomia local i governabilitat : |b envers un nou pacte local / Mila Gascó i Marc Navarro | ||
| 250 | |a Ed. no venal | ||
| 260 | |a Barcelona : |b Diputació de Barcelona, |c 2002 | ||
| 300 | |a 45 p. ; |c 30 cm | ||
| 490 | |a Síntesi (Centre per a la Innovació Local) ; 5 | ||
| 590 | |a Notes. | ||
| 590 | |a Bibliografia. | ||
| 590 | |a A la coberta: Diputació de Barcelona, Xarxa de Municipis ; Flor de Maig, Centre per a la Innovació Local | ||
| 650 | 0 | |a Autonomia municipal |z Espanya |9 34464 | |
| 650 | 0 | |a Administració local |z Espanya |9 37433 | |
| 700 | |a Navarro, Marc |9 36200 | ||
| 710 | 1 | |a Barcelona (Catalunya : Província). |b Diputació |9 52408 | |
| 710 | 2 | |a Centre per a la Innovació Local |9 54171 | |
| 901 | |a Arxiu | ||
| 942 | |n 1 | ||
| 952 | |0 0 |1 0 |4 0 |6 FU3446 |7 1 |9 47215 |a Arxiu |b Arxiu |d 2016-12-01 |l 0 |o FU-34-46 |p 15053 |r 2016-12-01 00:00:00 |w 2016-12-01 |y ARXIU | ||
| 999 | |c 51012 |d 51012 | ||